Dân ca Long An

Quyển dân ca Long An gồm nhiều thể loại tiêu biểu của vốn âm nhạc dân gian người Việt ở Nam Bộ, đồng thời cũng biểu lộ được những nét đặc thù mang dấu ấn của vùng đất Long An.

Bewaard in:
Bibliografische gegevens
Hoofdauteur: Lư, Nhất Vũ
Formaat: Boek
Taal:Undetermined
Gepubliceerd in: Hà Nội Văn hóa Thông tin 2014
Onderwerpen:
Tags: Voeg label toe
Geen labels, Wees de eerste die dit record labelt!
Thư viện lưu trữ: Trung tâm Học liệu Trường Đại học Cần Thơ
LEADER 00961nam a2200217Ia 4500
001 CTU_209848
008 210402s9999 xx 000 0 und d
082 |a 781.629592 
082 |b V500 
100 |a Lư, Nhất Vũ 
245 0 |a Dân ca Long An 
245 0 |c Lư Nhất Vũ, Lê Giang (Chủ biên) 
260 |a Hà Nội 
260 |b Văn hóa Thông tin 
260 |c 2014 
520 |a Quyển dân ca Long An gồm nhiều thể loại tiêu biểu của vốn âm nhạc dân gian người Việt ở Nam Bộ, đồng thời cũng biểu lộ được những nét đặc thù mang dấu ấn của vùng đất Long An. 
650 |a Âm nhạc dân gian,Folk music 
650 |x Lịch sử và phê bình,History and criticism 
650 |z Việt Nam,Vietnam 
904 |i Nguyễn Ngọc Quý,Hải 
980 |a Trung tâm Học liệu Trường Đại học Cần Thơ